UM Logo
Normal view MARC view
  • space vector pulsewidth modulation (SVPWM).

Entry Topical Term

Number of records used in: 1

001 - CONTROL NUMBER

  • control field: 66225

003 - CONTROL NUMBER IDENTIFIER

  • control field: OSt

005 - DATE AND TIME OF LATEST TRANSACTION

  • control field: 20250408092826.0

008 - FIXED-LENGTH DATA ELEMENTS

  • fixed length control field: 250408|| aca||babn | a|a d

040 ## - CATALOGING SOURCE

  • Original cataloging agency: OSt

150 ## - HEADING--TOPICAL TERM

  • Topical term or geographic name entry element: space vector pulsewidth modulation (SVPWM).